000 00243nam a2200109Ia 4500
008 200302s9999 xx 000 0 und d
100 _aGopala Krishna Bhat
245 _aRoad to Resilience
260 _bTaru
260 _c2015
300 _a131 P.,
999 _c5852
_d5852